000 00374nam a2200145Ia 4500
008 240624s9999 xx 000 0 und d
041 _aeng
082 _a658.4038 HIS
100 _aHISLOP DONALD
245 _aKNOWLEDGE MANAGEMENT IN ORGANIZATIONS A
250 _a(3rd ed.)
260 _c2013
_aNew Delhi
_bOxford
300 _axx, : 284 : p. : cm. ; 26
365 _cRS
_b31
999 _c24816
_d24816